| 000 | 00669cab a2200217 4500 | ||
|---|---|---|---|
| 001 | WB2304-35 | ||
| 008 | 090401t1987 xxu||||| |||| 00| 0 eng d | ||
| 035 | _a(Sirsi) u52547 | ||
| 041 | _aeng | ||
| 245 | _aUnusual rent review clause | ||
| 260 | _c1987 | ||
| 350 | _a0 | ||
| 490 |
_aChartered Surveyor Weekly _vvol 18 no 2 15/1/87 p58 |
||
| 520 | _aA report on the case Bissett v Marwin Securities Ltd ChD 2 October 1986 which concerned an unusual rent review clause in a commercial lease. | ||
| 650 | _aAMUSEMENT ARCADES | ||
| 650 | _aBUSINESS TENANCIES | ||
| 650 | _aLEASES | ||
| 690 | _aLANDLORD AND TENANT-CASE LAW | ||
| 942 | _n0 | ||
| 948 | _c04/03/1997 | ||
| 999 |
_c32522 _d32522 |
||